| 000 | 00855nam a22002297a 4500 | ||
|---|---|---|---|
| 999 |
_c65504 _d65504 |
||
| 005 | 20240530110828.0 | ||
| 008 | 161122s2007 ua g 000 e a d | ||
| 017 |
_a2007/5450 _bمصر. دار الكتب |
||
| 020 | _a9774084594 | ||
| 040 |
_aEG-CaGPL _cEG-CaGPL |
||
| 082 | 0 | 4 |
_221 _a254.1/ _bا و |
| 100 | 0 | _aابو الفتوح صبرى ابو الفتوح | |
| 245 | 1 | 0 |
_aوصايا الرسول صلى الله عليه وسلم للازواج / _cابو الفتوح صبرى ابو الفتوح |
| 250 | _aط.1 | ||
| 260 |
_aالقاهرة : _bدار الفاروق للاستثمارات الثقافية، _c2007 . |
||
| 300 |
_a120 ص. ، _c24 سم . |
||
| 650 | 0 | 7 |
_2qrmak _aالزواج |
| 650 | 0 | 7 |
_2qrmak _aالشريعة الاسلامية |
| 651 | _2qrmak | ||
| 942 |
_2ddc _cBK |
||